Political science : an introduction (Record no. 283304)

MARC details
000 -LEADER
fixed length control field 00612nam a2200205Ia 4500
008 - FIXED-LENGTH DATA ELEMENTS--GENERAL INFORMATION
fixed length control field 191130s1996##################000#0#eng##
020 ## - INTERNATIONAL STANDARD BOOK NUMBER
ISBN 9780070282032
082 ## - DEWEY DECIMAL CLASSIFICATION NUMBER
Classification number 320.HEI
100 ## - MAIN ENTRY--AUTHOR NAME
Personal name Heineman, Robert A
245 ## - TITLE STATEMENT
Title Political science : an introduction
Statement of responsibility, etc Robert A. Heineman
260 ## - PUBLICATION, DISTRIBUTION, ETC. (IMPRINT)
Place of publication New York
Name of publisher McGraw-Hill
Year of publication c1996
300 ## - PHYSICAL DESCRIPTION
Number of Pages vi, 293 p. : ill. ; 23 cm
500 ## - GENERAL NOTE
General note Includes bibliographical references (p. 275-286) and index
650 ## - SUBJECT ADDED ENTRY--TOPICAL TERM
Topical Term Political science
991 ## -
-- 203960
Holdings
Withdrawn status Lost status Damaged status Not for loan Home library Current library Shelving location Date acquired Full call number Accession Number Price effective from Koha item type
        Anna Centenary Library Anna Centenary Library 3RD FLOOR, B WING 15.10.2020 320.HEI 470570 15.10.2020 English Books

Find us on the map